000 00684nam a2200289Ia 4500
005 20260324135522.0
008 008 260324s9999 xx 000 0 eng d
020 _a9781315840321
037 _aEBOOK
040 _aCRL
040 _beng
040 _cCRL
041 _2eng
041 _aeng
084 _qCRL
100 _aAndrew S. Thompson
_91187999
245 0 _aImperial Britain
245 4 _bThe Empire in British Politics, c. 1880-1932
260 _bTaylor and Francis
260 _c2000
365 _a
365 _b230
856 _uhttp://www.taylorfrancis.com/books/9781315840321
942 _cEBOOK
999 _c1802049
_d1802049